| 000 | 00450nam a22001817a 4500 | ||
|---|---|---|---|
| 999 |
_c12306 _d12306 |
||
| 008 | 221215b 2015 ||||| |||| 00| 0 eng d | ||
| 020 | _a9789383971657 | ||
| 082 | _bGAV | ||
| 100 | _aGavhale, S. L. | ||
| 245 | _aPower Engineering | ||
| 250 | _a2nd ed. | ||
| 260 |
_aPune _bNirali Prakashan _c2015 |
||
| 300 | _a1.1-5.76p. | ||
| 650 | _aPower Cycle | ||
| 650 | _aEssential Elements of Power Cycle | ||
| 650 | _aHeat Engine | ||
| 942 | _cGB | ||